000 01269nam a2200253Ia 4500
999 _c38663
_d38663
001 4892
003 GE_BSU
005 20190807122415.0
008 181216s2008||||ge |||||||||||||| ||geo||
020 _a9789941906404
040 _cGE_BSU
041 _ageo
080 _a612.12-07 + 612.461.1 ს-54
245 _aსისხლის და შარდის კლინიკური ანალიზი :
_bანალიზების ინტერპრეტაცია (ცნობარი) /
_cმთ.რედ. მაია ხუციშვილი ; რედ. მარიამ დეკანოსიძე.
250 _a2-ე გადამუშ.და შევსებ. გამოცემა
264 _aთბილისი :
_bმწაწმინდელი ;
_c2008.
300 _a207 გვ. :
_bილ. :
_c20 სმ.
541 _h6ლ.
653 _aმედიცინა
653 _aსისხლის და შარდის კლინიკური ანალიზი
700 _a ხუციშვილი, მაია
_eმთ. რედაქტორი
_93434
700 _aდეკანოსიძე, მარიამ
_eრედაქტორი
_93435
942 _cBK
_2udc